Normal view
MARC view
Entry Personal Name
001 - CONTROL NUMBER
- control field: 11276
003 - CONTROL NUMBER IDENTIFIER
- control field: ARRUPE
005 - DATE AND TIME OF LATEST TRANSACTION
- control field: 20140910171212.0
008 - FIXED-LENGTH DATA ELEMENTS
- fixed length control field: 140910|| aca||aabn | a|a d
040 ## - CATALOGING SOURCE
- Original cataloging agency: ARRUPE
- Transcribing agency: ARRUPE
100 ## - HEADING--PERSONAL NAME
- Personal name: Leonard, K David
670 ## - SOURCE DATA FOUND
- Source citation: Work cat.: (ARRUPE): Leonard, K David, Africa's stalled development, 2003